000 00322nam a22001457a 4500
008 210310b ||||| |||| 00| 0 eng d
020 _a0534012558
041 _aeng
080 _23rd
_a371
082 _a371
100 _a46
101 _aEDU
245 _aThe Practice of Social Research
_cBabbie,E
942 _2udc
_cBK
999 _c56186
_d56186